[Event "AUTO-INT-553"]
[Site "http://www.queenalice.com/game.php?id=294678"]
[Date "2007.10.29"]
[Round "2"]
[White "ZERDAX"]
[Black "rbivanov"]
[Result "1-0"]
[WhiteElo "1746"]
[BlackElo "1530"]

1. a3 e5 2. b4 d5 3. Bb2 d4 4. Nf3 f6 5. e4 b6 6. Bb5+ Bd7 7. Bc4 Ne7 8. O-O c5
9. Nh4 Ng6 10. Nf5 Bxf5 11. exf5 Ne7 12. Be6 Nbc6 13. d3 h6 14. Qh5+ 1-0

[Event "AUTO-BEG-124"]
[Site "http://www.queenalice.com/game.php?id=313322"]
[Date "2007.12.1"]
[Round "2"]
[White "tayron"]
[Black "ZERDAX"]
[Result "0-1"]
[WhiteElo "1667"]
[BlackElo "1743"]

1. d4 d5 2. c4 Be6 3. cxd5 Bxd5 4. Nc3 Nf6 5. Bg5 e6 6. e3 Bb4 7. Bb5+ c6 8. Bd3
Bxg2 9. Be4 Bxe4 10. Nf3 Nbd7 11. O-O O-O 0-1

[Event "AUTO-OPEN-765"]
[Site "http://www.queenalice.com/game.php?id=319267"]
[Date "2007.12.13"]
[Round "2"]
[White "rmchacal"]
[Black "ZERDAX"]
[Result "0-1"]
[WhiteElo "1392"]
[BlackElo "1746"]

1. e4 e5 2. d4 exd4 3. Qxd4 Nc6 4. Qd1 Nf6 5. Bd3 Bc5 6. Nf3 O-O 7. Be3 Bxe3 8.
fxe3 d6 9. Nc3 Bg4 10. h3 Bh5 11. g4 Bg6 12. Qe2 Ne5 13. Nxe5 dxe5 14. O-O-O Qe7
15. h4 h6 16. Nd5 Nxd5 17. exd5 Bxd3 18. Rxd3 Qb4 19. g5 e4 20. Rd4 Qa5 21. a3
Rfe8 22. c3 Re5 23. gxh6 g6 24. Qh2 Re7 25. d6 cxd6 26. Rxd6 Rc8 27. Qd2 Ree8
28. Rd1 a6 29. Rd5 Qb6 30. Rd6 Qa5 31. Rd5 Qc7 32. Rd7 Qb6 33. Rd6 Qb3 0-1

[Event "AUTO-OPEN-765"]
[Site "http://www.queenalice.com/game.php?id=319268"]
[Date "2007.12.13"]
[Round "2"]
[White "ZERDAX"]
[Black "rmchacal"]
[Result "1-0"]
[WhiteElo "1748"]
[BlackElo "1390"]

1. a3 e5 2. b4 d5 3. Bb2 Bd6 4. f4 d4 5. Nf3 Nh6 6. e3 exf4 7. Bxd4 fxe3 8. dxe3
Nf5 9. Bc4 O-O 10. O-O Nxd4 11. Qxd4 Nc6 12. Qe4 g6 13. Nc3 Bf5 14. Qd5 Bxc2 15.
Ng5 Bxh2+ 16. Kxh2 Qxd5 17. Bxd5 Ne5 18. Rac1 Bf5 19. e4 Ng4+ 20. Kg1 Be6 21. g3
Bxd5 22. Nxd5 c6 23. Nf4 f6 24. Nge6 Rf7 25. Rfd1 g5 26. Nh5 Re8 27. Rd6 Rfe7
28. Nc5 b6 29. Nd3 Rxe4 30. Kf1 Re3 31. Nf2 Rf3 32. Rc2 Ne3+ 33. Kg1 1-0

[Event "AUTO-OPEN-765"]
[Site "http://www.queenalice.com/game.php?id=319273"]
[Date "2007.12.13"]
[Round "2"]
[White "ZERDAX"]
[Black "papalucas"]
[Result "0-1"]
[WhiteElo "1756"]
[BlackElo "1637"]

1. a3 c5 2. Nf3 b5 3. e4 Ba6 4. d4 b4 5. axb4 Bxf1 6. Rxf1 cxb4 7. c3 e6 8. Ne5
d6 9. Qa4+ Nd7 10. Ng4 f5 11. exf5 exf5 12. Ne3 Qg5 13. Nc4 Qxc1+ 14. Ke2 Qg5
15. Kd3 Qxg2 16. Re1+ Ne7 17. Nxd6+ Kd8 18. Qa5+ Nb6 19. Nf7+ Kd7 20. Nxh8 Qxf2
21. Qb5+ Nc6 22. Nd2 Qxh2 23. Qxf5+ Kc7 24. Ne4 Qxb2 25. Nf7 Qb3 26. Qf4+ Kd7
27. Qf5+ Kc7 28. Nd2 Qxc3+ 29. Ke2 Nxd4+ 0-1

[Event "AUTO-OPEN-765"]
[Site "http://www.queenalice.com/game.php?id=319274"]
[Date "2007.12.13"]
[Round "2"]
[White "papalucas"]
[Black "ZERDAX"]
[Result "0-1"]
[WhiteElo "1698"]
[BlackElo "1731"]

1. Nf3 d5 2. d4 Nc6 3. a3 Bg4 4. e3 Nf6 5. Nbd2 e6 6. c4 Bd6 7. c5 Be7 8. Qb3
Rb8 9. Bb5 O-O 10. Qc3 Bxf3 11. Nxf3 Ne4 12. Qd3 a6 13. Bxc6 bxc6 14. Qxa6 e5
15. Nxe5 Bg5 16. Nxc6 Qf6 17. f3 Bh4+ 18. Ke2 Nxc5 19. dxc5 Rxb2+ 20. Bxb2 Qxb2+
21. Kd3 Qb3+ 22. Kd4 Bf6+ 23. Ne5 Bxe5+ 24. Kxe5 Re8+ 25. Kf4 Qxe3+ 26. Kg4 h5+
27. Kg3 g5 28. Rae1 Qf4+ 29. Kf2 Qd2+ 30. Re2 Qd4+ 31. Ke1 Qc3+ 32. Kd1 Rb8 33.
Re8+ Rxe8 34. Qb5 Re7 35. c6 Qa1+ 36. Kc2 Qxh1 37. Qxd5 Qxg2+ 38. Kb3 Re3+ 39.
Ka4 Qc2+ 40. Ka5 Qc3+ 41. Ka6 Qxa3+ 42. Kb7 Qb4+ 43. Kxc7 Re7+ 44. Kd8 Kf8 45.
c7 Qb6 46. Qc4 Qxc7+ 47. Qxc7 Rxc7 48. Kxc7 Ke7 49. h3 Ke6 50. Kd8 Ke5 51. Ke7
f5 52. Kf7 Kf4 53. Kg6 g4 54. fxg4 hxg4 55. h4 g3 56. h5 g2 57. h6 g1=Q+ 58. Kh7
Ke5 59. Kh8 Kf6 60. Kh7 Qg6+ 61. Kh8 Kf7 0-1

[Event "AUTO-OPEN-765"]
[Site "http://www.queenalice.com/game.php?id=369854"]
[Date "2008.3.12"]
[Round "3"]
[White "papalucas"]
[Black "ZERDAX"]
[Result "1-0"]
[WhiteElo "1728"]
[BlackElo "1753"]

1. Nf3 Nf6 2. e3 e6 3. d4 Bb4+ 4. c3 Be7 5. Bd3 d5 6. O-O Nbd7 7. Re1 O-O 8. Qc2
c5 9. Ng5 h6 10. Bh7+ Kh8 11. Nxf7+ Rxf7 12. Bg6 Rf8 13. Qe2 e5 14. dxc5 1-0

[Event "AUTO-OPEN-765"]
[Site "http://www.queenalice.com/game.php?id=369855"]
[Date "2008.3.12"]
[Round "3"]
[White "ZERDAX"]
[Black "papalucas"]
[Result "0-1"]
[WhiteElo "1736"]
[BlackElo "1745"]

1. e4 e5 2. Nf3 Nc6 3. Bb5 Qf6 4. Nc3 g5 5. Nd5 Qd6 6. d4 Nxd4 7. Nxd4 exd4 8.
Qxd4 f6 9. Bxg5 c5 10. Qc3 Bh6 11. Bxh6 Nxh6 12. Nxf6+ Kd8 13. Rd1 Qf8 14. Bxd7
Kc7 0-1

[Event "AUTO-OPEN-765"]
[Site "http://www.queenalice.com/game.php?id=369860"]
[Date "2008.3.12"]
[Round "3"]
[White "ZERDAX"]
[Black "aquiles88"]
[Result "0-1"]
[WhiteElo "1720"]
[BlackElo "2106"]

1. d4 Nf6 2. Nf3 g6 3. e3 Bg7 4. Bd3 O-O 5. O-O d6 6. e4 Nbd7 7. Re1 e5 8. c3 c6
9. Qc2 h6 10. Nbd2 Re8 11. a3 Nf8 12. dxe5 dxe5 13. Rd1 Bg4 14. h3 Bxf3 15. Nxf3
Qc7 16. Be3 Ne6 17. Bc4 Kh7 18. Rd2 Rad8 0-1

[Event "AUTO-OPEN-765"]
[Site "http://www.queenalice.com/game.php?id=369861"]
[Date "2008.3.12"]
[Round "3"]
[White "aquiles88"]
[Black "ZERDAX"]
[Result "1-0"]
[WhiteElo "2107"]
[BlackElo "1718"]

1. e4 e5 2. Nf3 Nf6 3. Nxe5 Qe7 4. d4 d6 5. Nf3 Qxe4+ 6. Be2 Be7 7. O-O O-O 8.
Nc3 Qc6 9. Re1 d5 10. Bf4 Qb6 11. Qd3 Re8 12. Qb5 c6 13. Qxb6 axb6 14. Bd3 Bg4
15. Ne5 Be6 16. Re2 Nbd7 17. Rae1 Nxe5 18. Bxe5 1-0

[Event "AUTO-OPEN-765"]
[Site "http://www.queenalice.com/game.php?id=369862"]
[Date "2008.3.12"]
[Round "3"]
[White "ZERDAX"]
[Black "stress"]
[Result "1/2-1/2"]
[WhiteElo "1777"]
[BlackElo "1814"]

1. e4 e5 2. Nf3 d6 3. Bc4 Be7 4. d4 exd4 5. Nxd4 Nf6 6. Nc3 O-O 7. O-O a6 8. Bf4
b5 9. Bd5 Nxd5 10. Nxd5 c5 11. Nf3 Bg4 12. Nxe7+ Qxe7 13. Bxd6 Bxf3 14. Bxe7
Bxd1 15. Rfxd1 Re8 16. Bxc5 Nc6 17. f3 Rad8 18. Kf2 Ne5 19. Bd4 Nc4 20. Rac1 Rd7
21. b3 Na5 22. Bb6 Rxd1 23. Rxd1 Nc6 24. c3 f6 25. Rd6 Rc8 26. Ke3 Kf7 27. Rd7+
Kg6 28. f4 Nb8 29. Rd3 Nc6 30. Rd6 Nb8 31. Bd4 a5 32. Rb6 b4 33. cxb4 axb4 34.
Rxb4 Nd7 35. Rb7 Nc5 36. h4 Nxb7 37. g4 h5 38. f5+ Kh6 39. g5+ fxg5 40. hxg5+
Kxg5 41. Bxg7 h4 42. Be5 Kg4 43. f6 Rf8 44. b4 h3 45. a4 Rxf6 46. a5 Rf3+ 47.
Ke2 Rb3 48. a6 Rxb4 49. axb7 Rxb7 50. Kf2 Re7 51. Bd6 Rxe4 52. Kg1 Re2 53. Kh1
Re1+ 54. Kh2 Rd1 55. Be5 Rd2+ 56. Kg1 Rg2+ 57. Kh1 Kf3 58. Bh2 Kf2 59. Be5 Kf1
60. Bd6 Rg1+ 61. Kh2 Rg6 62. Bf4 Rf6 63. Be5 Rf5 64. Bb8 Rf3 1/2-1/2

[Event "AUTO-OPEN-765"]
[Site "http://www.queenalice.com/game.php?id=369863"]
[Date "2008.3.12"]
[Round "3"]
[White "stress"]
[Black "ZERDAX"]
[Result "0-1"]
[WhiteElo "2016"]
[BlackElo "1750"]

1. e4 e5 2. Nf3 Nc6 3. d3 Nf6 4. Be2 Be7 5. O-O O-O 6. c3 d5 7. exd5 Qxd5 8. h3
Bf5 9. Bg5 Rad8 10. Na3 Bxd3 11. Bxd3 Qxd3 12. Qb3 Qg6 13. Bh4 e4 14. Nh2 Nd5
15. Bxe7 Ncxe7 16. Nb5 Nf4 17. g3 e3 18. Ng4 Nxh3+ 0-1

[Event "Massacre"]
[Site "http://www.queenalice.com/game.php?id=472990"]
[Date "2008.10.5"]
[Round "-"]
[White "ZERDAX"]
[Black "Araujo"]
[Result "0-1"]
[WhiteElo "1716"]
[BlackElo "1860"]

1. e4 e6 2. d4 d5 3. Nc3 Nf6 4. Bg5 dxe4 5. Nxe4 Be7 6. Bxf6 Bxf6 7. Nf3 Nc6 8.
c3 b6 9. Bd3 Bb7 10. Bc4 Be7 11. O-O Nxd4 12. Qxd4 Qxd4 13. Nxd4 Bxe4 14. Bb5+
Kf8 15. Bc6 Bxc6 16. Nxc6 Bd6 17. b4 a6 18. a4 Ke8 19. Rfd1 Kd7 20. b5 h5 21.
Ne5+ Ke8 0-1